KOHA-Header-6

Corporate Sustainabiltiy (Record no. 1675)

000 -LEADER
fixed length control field 00292nam a2200121Ia 4500
008 - FIXED-LENGTH DATA ELEMENTS--GENERAL INFORMATION
fixed length control field 190723s9999 xx 000 0 und d
020 ## - INTERNATIONAL STANDARD BOOK NUMBER
International Standard Book Number 978-1-118-12236-5
100 ## - MAIN ENTRY--PERSONAL NAME
Personal name Ann Brockett
245 #0 - TITLE STATEMENT
Title Corporate Sustainabiltiy
260 ## - PUBLICATION, DISTRIBUTION, ETC. (IMPRINT)
Place of publication, distribution, etc New jersey
Name of publisher, distributor, etc Wiley
Date of publication, distribution, etc 2012
300 ## - PHYSICAL DESCRIPTION
Extent 316.:p
942 ## - ADDED ENTRY ELEMENTS (KOHA)
Koha item type Books
Holdings
Withdrawn status Lost status Damaged status Not for loan Collection code Permanent Location Current Location Shelving location Date acquired Full call number Barcode Date last seen Price effective from Koha item type
        Finance MAJU MAJU Shelf No.A44 2019-07-23 658.151 8298 2019-07-23 2019-07-23 Finance

Powered by Koha